Southville International School and Colleges
Your cart is empty.
  • Cart
  • Lists
    Public lists Eva Luna New books Lux_list list_1
    Your lists Log in to create your own lists
  • Log in to your account
  • Your cookies
  • Search history
Southville International School and Colleges
  • Advanced search
  • Recent comments
  • Most popular
  • Libraries

Log in to your account

Log in with GOOGLE


If you do not have an external account, but do have a local account, you can still log in:

  1. Home
  2. MARC view: Zoology /
Normal view MARC view ISBD view

Zoology / (Record no. 42355)

[ view plain ]
MARC details
000 -LEADER
fixed length control field 00943cam a22002894a 4500
001 - CONTROL NUMBER
control field 15650331
003 - CONTROL NUMBER IDENTIFIER
control field SISC
005 - DATE AND TIME OF LATEST TRANSACTION
control field 20160215153542.0
008 - FIXED-LENGTH DATA ELEMENTS--GENERAL INFORMATION
fixed length control field 090306s2010 iaua 001 0 eng
010 ## - LIBRARY OF CONGRESS CONTROL NUMBER
LC control number 2009008619
020 ## - INTERNATIONAL STANDARD BOOK NUMBER
International Standard Book Number 9780073028200 (hard copy : alk. paper)
020 ## - INTERNATIONAL STANDARD BOOK NUMBER
International Standard Book Number 0073028207 (hard copy : alk. paper)
040 ## - CATALOGING SOURCE
Original cataloging agency DLC
Transcribing agency DLC
Modifying agency DLC
050 00 - LIBRARY OF CONGRESS CALL NUMBER
Classification number QL 47.2
Item number .M55 1994
100 1# - MAIN ENTRY--PERSONAL NAME
Personal name Miller, Stephen A.
9 (RLIN) 7447
245 10 - TITLE STATEMENT
Title Zoology /
Statement of responsibility, etc Stephen A. Miller, John P. Harley.
250 ## - EDITION STATEMENT
Edition statement 2nd ed.
260 ## - PUBLICATION, DISTRIBUTION, ETC. (IMPRINT)
Place of publication, distribution, etc Dubuque, IA :
Name of publisher, distributor, etc McGraw-Hill,
Date of publication, distribution, etc 1994.
300 ## - PHYSICAL DESCRIPTION
Extent 664 p. :
Other physical details col. ill. ;
Dimensions 29 cm.
500 ## - GENERAL NOTE
General note Includes index.
650 #0 - SUBJECT ADDED ENTRY--TOPICAL TERM
Topical term or geographic name as entry element Zoology.
9 (RLIN) 7448
700 1# - ADDED ENTRY--PERSONAL NAME
Personal name Harley, John P.
9 (RLIN) 7449
906 ## - LOCAL DATA ELEMENT F, LDF (RLIN)
a 7
b cbc
c orignew
d 1
e ecip
f 20
g y-gencatlg
942 ## - ADDED ENTRY ELEMENTS (KOHA)
Source of classification or shelving scheme Library of Congress Classification
Koha item type Books
Holdings
Withdrawn status Lost status Source of classification or shelving scheme Damaged status Home library Current library Shelving location Date acquired Total Checkouts Full call number Barcode Date last seen Copy number Price effective from Koha item type
    Library of Congress Classification   Luxembourg Library Luxembourg Library High School Section 02/24/2014   QL 47.2 .M55 1994 5420 02/16/2016 1 02/24/2014 Books

Zoology /

APA

Miller S. A., Harley J. P., . (1994). Zoology. Dubuque, IA: McGraw-Hill.

Chicago

Miller Stephen A, Harley John P, . 1994. Zoology. Dubuque, IA: McGraw-Hill.

Harvard

Miller S. A., Harley J. P., . (1994). Zoology. Dubuque, IA: McGraw-Hill.

MLA

Miller Stephen A, Harley John P, . Zoology. Dubuque, IA: McGraw-Hill. 1994.

  • Place hold
  • Print
  • Cite
  • Add to your cart (remove)
  • Save record
    BIBTEX Dublin Core MARCXML MARC (non-Unicode/MARC-8) MARC (Unicode/UTF-8) MARC (Unicode/UTF-8, Standard) MODS (XML) RIS
  • More searches
    Search for this title in:
    Other Libraries (WorldCat) Other Databases (Google Scholar) Online Stores (Bookfinder.com) Open Library (openlibrary.org)

Exporting to Dublin Core...

SOUTHVILLE LIBRARY

Southville International School and Colleges Library

1281 Tropical Ave. Cor. Luxembourg St., BF Homes International, Las Pinas City

Tel. No. 8256374 / 252358 Loc. 117/146

Powered by Koha